Retrocesos en la libertad económica de El Salvador
Gespeichert in:
| Format: | Text |
|---|---|
| Schlagworte: | |
| Tags: |
Tag hinzufügen
Keine Tags, Fügen Sie den ersten Tag hinzu!
|
MARC
| LEADER | 00000 a a2200000 04500 | ||
|---|---|---|---|
| 001 | 6732 | ||
| 003 | |||
| 040 | |||
| 245 | |a Retrocesos en la libertad económica de El Salvador | ||
| 650 | |a ECONOMIA | ||
| 650 | |a MERCADO | ||
| 650 | |a EL SALVADOR | ||
| 773 | |g volumen 26, número 1176; páginas 6-7 | ||
| 999 | |c 35452 |d 35452 | ||
